Arboleda / (Registro nro. 9112)

Detalles MARC
000 -LIDER
fixed length control field 00618nam a22002297a 4500
001 - NÚMERO DE CONTROL
Identificador de número de control 0074
003 - IDENTIFICACDOR DE NÚMERO DE CONTROL
control field DO-SdBNP
005 - DATE AND TIME OF LATEST TRANSACTION
control field 20151214110532.0
007 - CAMPOS FIJOS DE DESCRIPCIÓN FÍSICA
fixed length control field 0074
008 - ELEMENTOS DE LONGITUD FIJA
fixed length control field 151214b dr 1969 xxu||||| |||| 00| 0 spa d
020 ## - ISBN
International Standard Book Number 8429404546
040 ## - FUENTE DE CATALOGACIÓN
Agencia que crea de manera original el registro BPMSU
Idioma de catalogación spa
Agencia que realiza la transcripción BPMSU
092 ## - LOCALLY ASSIGNED DEWEY DECIMAL CALL NUMBER
Número de clasificación xxxxxxx
Número de ítem (Cutter) xxxxxxx
100 10 - ASIENTO PRINCIPAL -- NOMBRE PERSONAL
Nombre personal Tejada, Ramón
245 00 - MENCIÓN DE TITULO
Título Arboleda /
Mención de responsabilidad Ramón Tejada, Yolanda Pereyra de Inoa, Luis J. Borget
260 ## - PUBLICACIÓN, DISTRIBUCIÓN, ETC. (PIE DE IMPRENTA)
Lugar de publicación, distribución, etc Santo Domingo :
Nombre del editor, distribuidor, etc. Santillana,
Fecha de publicación, distribución, etc 1969.
300 ## - DESCRIPCIÓN FÍSICA
Extensión 165 p. :
Otros detalles físicos il.,
Dimensiones 25 cm.
490 10 - MENCIÓN DE SERIES
Mención de serie El árbol alegre
830 00 - ASIENTO SECUNDARIO DE SERIE--TÍTULO UNIFORME
Título uniforme El árbol alegre
942 ## - ADDED ENTRY ELEMENTS (KOHA)
Source of classification or shelving scheme Dewey Decimal Classification
Koha item type Libros
956 ## - LOCAL ELECTRONIC LOCATION AND ACCESS (OCLC)
Nombre de host Brenda Tavárez

No hay ítems disponibles.